000 00507cam a22001697a 4500
008 180718b1988 xxu||||| |||| 00| 0 eng d
020 _a8185024340
082 _aB18x54 R817
100 _aRozario, M. Rita
245 _aTrafficking in women and children in India; sexual exploitation and sale
_cby M. Rita Rozario
260 _aNew Delhi
_bUppal
_c1988
300 _a148p.
440 _aStatus of women series
650 _aWomen - India.
650 _aChildren - India
650 _aProstitution - India
999 _c476036
_d476036